| 000 | 00476nam a2200169Ia 4500 | ||
|---|---|---|---|
| 008 | 240729s9999 xx 000 0 und d | ||
| 022 | _a1792-362X | ||
| 245 | 0 | _aForum of Clinical Oncology | |
| 260 | _aPoland | ||
| 260 | _bSciendo | ||
| 650 | _a Internal medicine | ||
| 650 | _a Neoplasms. Tumors. Oncology. Including cancer and carcinogens | ||
| 650 | _aMedicine | ||
| 856 | _uhttps://doaj.org/toc/8df629f42c9945dda2e1ced88c7103bd | ||
| 942 | _2ddc | ||
| 942 | _cDOAJEJ | ||
| 999 |
_c72841 _d72841 |
||
| 945 |
_a1 _bMadushi Gamage _c1 _dMadushi Gamage |
||